00338nam a22001217a 4500082002800000100002200028245002900050250001200079260005500091300002500146526003700171650000800208 a370.15bSORcL-31, P-10 aSorenson, Herbert aPsychology in education/ a2nd ed. aNew york:bMcgraw Hill book company, inc. ,cc1948 aviii, 529 p, :c16cm a0b0c0d370_150000000000000_SOR aMCE